WWE PLES 2024 - Statistics

General Stats
  • This quiz has been taken 125 times
  • The average score is 12 of 22
Answer Stats
Hint Answer % Correct
January Royal Rumble
100%
February Elimination Chamber
92%
April Wrestlemania
92%
August Summer Slam
83%
May Backlash
79%
July Money in the bank
79%
December Survivor Series
77%
October Bad Blood
76%
November Crown Jewel
69%
August Bash in Berlin
65%
June Clash at the Castle
60%
April Stand and Deliver
49%
May King and Queen of the Ring
47%
October Halloween Havoc
43%
January New Years Evil
43%
July Heatwave
33%
September No Mercy
30%
June Battleground
27%
February Vengeance Day
24%
March Road Block
23%
July/August The Great American Bash
21%
April Spring Breakin
15%
No matching quizzes found
Score Distribution
Percent of People with Each Score
Percentile by Number Answered
Your Score History
You have not taken this quiz